The Last of Us Infected Variants - Statistics

General Stats
  • This quiz has been taken 48 times
  • The average score is 5 of 6
Answer Stats
Answer % Correct
Rat King
91%
Runner
91%
Bloater
88%
Clicker
88%
Stalker
81%
Shambler
63%
No matching quizzes found
Score Distribution
Percent of People with Each Score
Percentile by Number Answered
Your Score History
You have not taken this quiz